Los españoles en la historia

Uloženo v:
Podrobná bibliografie
Médium: Kniha
Jazyk:španělština
Vydáno: Madrid Espasa-Calpe 1982
Edice:Selecciones Austral, 101
Témata:
Tagy: Přidat tag
Žádné tagy, Buďte první, kdo vytvoří štítek k tomuto záznamu!

MARC

LEADER 00000nam a2200000 a 4500
001 UCQ6071
003 CL-VaPUC
005 20220427074641.0
008 981009e19820000SP |||||||||||||||||spa|d
999 |c 276074  |d 276072 
040 |c Pontificia Universidad Católica de Valparaíso 
082 0 4 |a 864  |b MEN  |2 21 
245 1 4 |a Los españoles en la historia 
260 |a Madrid  |b Espasa-Calpe  |c 1982 
300 |a 241 p 
490 0 |a Selecciones Austral, 101 
583 |a last modification  |c 19981009 00:00:00  |k Rodrigo Vera 
650 0 |a Ensayos españoles  |9 313128 
650 0 |a Literatura española  |9 306261 
942 |c BK  |2 ddc 
945 |d 19981009 00:00:00  |a lriquelm 
952 |0 0  |1 0  |4 0  |6 864_000000000000000_MEN_1982  |7 0  |8 A  |9 313201  |a FDOPOS  |b FDOPOS  |d 2019-11-20  |i 1474618  |o 864 MEN 1982  |p 1474618  |r 2025-01-22  |w 2019-11-20  |y BK  |k MLH